Missing Word: Singing Duos Quiz Stats

 Plays Quiz Updated Feb 15, 2013

Support Sporcle.
Go Orange.
Score 0/18 Timer 02:00
3 Plays Today
Singing Duo Missing Name % Correct
Simon & ______Garfunkel
97.2%
Sonny & ______Cher
94.5%
Ike & ______ TurnerTina
93.6%
Hall & ______Oates
88.6%
Brooks & ______Dunn
58.1%
The Captain & ______Tennille
55.3%
Elton John & KiKi ______Dee
53.8%
Jan & ______Dean
46.9%
Peaches & ______Herb
45.2%
Singing Duo Missing Name % Correct
Loggins & ______Messina
41.2%
Graham Nash & ______ CrosbyDavid
38%
England Dan & ______ Ford ColeyJohn
37.6%
Kid 'N ______Play
37.3%
Seals & ______Crofts
34.9%
Ashford & ______Simpson
32.9%
Sam & ______Dave
28.7%
Marvin Gaye & ______ TerrellTammi
26.7%
Roberta Flack & ______ HathawayDonny
15.2%

Today's Daily Dose

From the Vault

Last 25 Years: 'E' Movies

by SporcleEXP

Movies 8m
This might quiz might not be as 'E'-asy as you might expect.
Remove Ads.
Support Sporcle.
Get the best of Sporcle when you Go Orange. This ad-free experience offers more features, more stats, and more fun while also helping to support Sporcle. Thank you for becoming a member.

Show Comments

Extras

Top Quizzes Today


Score Distribution

Your Account Isn't Verified!

In order to create a playlist on Sporcle, you need to verify the email address you used during registration. Go to your Sporcle Settings to finish the process.

Report this User

Report this user for behavior that violates our Community Guidelines.

Details: